[Event "RUS-IND U14 Match 2019"]
[Site "Sochi"]
[Date "2019.06.09"]
[Round "8.3"]
[White "Kirchei, Viktoriia"]
[Black "Rakshitta Ravi"]
[Result "0-1"]
[WhiteElo "2026"]
[BlackElo "2111"]
[Annotator "NA"]
[PlyCount "64"]
[EventDate "2019.06.02"]
[EventType "team-tourn"]
[EventCountry "RUS"]
[SourceTitle "playchess.com"]
[Source "ChessBase"]
[SourceQuality "1"]
[WhiteTeam "RUS"]
[BlackTeam "IND"]
[BlackTeamCountry "IND"]
[TimeControl "5400+30"]

1. e4 {[%emt 0:00:00]} e5 {[%emt 0:00:00]} 2. Nf3 {[%emt 0:00:00]} Nc6 {[%emt 0:00:00]} 3. Nc3 {[%emt 0:00:00]} Nf6 {[%emt 0:00:01]} 4. Be2 {[%emt 0:00:01]} d5 {[%emt 0:00:46]} 5. exd5 {[%emt 0:00:00]} Nxd5 {[%emt 0:00:34]} 6. O-O {[%emt 0:00:39]} Bc5 {[%emt 0:01:20]} 7. Bb5 {[%emt 0:04:20]} Bg4 {[%emt 0:34:00]} 8. h3 {[%emt 0:03:49]} Bh5 {[%emt 0:00:18]} 9. Ne4 {[%emt 0:02:09]} Bd6 {[%emt 0:02:14]} 10. Ng3 {[%emt 0:08:33]} Bg6 {[%emt 0:02:17]} 11. Re1 {[%emt 0:03:36]} O-O {[%emt 0:10:22]} 12. Bxc6 {[%emt 0:03:29]} bxc6 {[%emt 0:00:01]} 13. d3 {[%emt 0:02:11]} Re8 {[%emt 0:02:44]} 14. h4 {[%emt 0:10:13]} h6 {[%emt 0:02:10]} 15. h5 {[%emt 0:00:05]} Bh7 {[%emt 0:00:26]} 16. Nd2 {[%emt 0:07:05]} f5 {[%emt 0:03:08]} 17. Nc4 {[%emt 0:00:30]} Qf6 {[%emt 0:00:30]} 18. a3 {[%emt 0:07:27]} Rad8 {[%emt 0:06:37]} 19. b3 {[%emt 0:05:35]} e4 {[%emt 0:08:27]} 20. Bb2 {[%emt 0:00:43]} Qg5 {[%emt 0:03:06]} 21. Nxd6 {[%emt 0:01:50]} Rxd6 {[%emt 0:00:02]} 22. dxe4 {[%emt 0:03:59]} fxe4 {[%emt 0:01:09]} 23. Qe2 {[%emt 0:05:13]} e3 {[%emt 0:03:03]} 24. Bd4 {[%emt 0:02:08]} exf2+ {[%emt 0:05:55]} 25. Qxf2 {[%emt 0:00:05]} Rf8 {[%emt 0:00:03]} 26. Re5 {[%emt 0:09:50]} Qg4 {[%emt 0:01:57]} 27. Nf5 {[%emt 0:05:32]} Bxf5 {[%emt 0:00:19]} 28. Rf1 {[%emt 0:01:01]} Rdf6 {[%emt 0:02:33]} 29. Bc5 {[%emt 0:00:06]} Be4 {[%emt 0:02:19]} 30. Bxf8 {[%emt 0:00:17]} Rxf2 {[%emt 0:00:00]} 31. Rxf2 {[%emt 0:00:11]} Ne3 {[%emt 0:00:38]} 32. Bc5 {[%emt 0:02:12]} Qd1+ {[%emt 0:00:00]} 0-1

[Event "RUS-IND U14 Match 2019"]
[Site "Sochi"]
[Date "2019.06.09"]
[Round "8.4"]
[White "Nur-Mukhametova, Alisa"]
[Black "Savitha Shri B"]
[Result "1/2-1/2"]
[WhiteElo "1983"]
[BlackElo "2144"]
[Annotator "NA"]
[PlyCount "97"]
[EventDate "2019.06.02"]
[EventType "team-tourn"]
[EventCountry "RUS"]
[SourceTitle "playchess.com"]
[Source "ChessBase"]
[SourceQuality "1"]
[WhiteTeam "Russia"]
[BlackTeam "India"]
[WhiteTeamCountry "RUS"]
[BlackTeamCountry "IND"]
[TimeControl "5400+30"]

1. e4 {[%emt 0:00:00]} c5 {[%emt 0:00:00]} 2. Nf3 {[%emt 0:00:00]} d6 {[%emt 0:00:00]} 3. d4 {[%emt 0:00:00]} Nf6 {[%emt 0:00:00]} 4. Nc3 {[%emt 0:00:00]} cxd4 {[%emt 0:00:00]} 5. Qxd4 {[%emt 0:00:09]} Nc6 {[%emt 0:00:09]} 6. Bb5 {[%emt 0:00:00]} Bd7 {[%emt 0:00:00]} 7. Bxc6 {[%emt 0:00:00]} Bxc6 {[%emt 0:00:00]} 8. Bg5 {[%emt 0:00:19]} e6 {[%emt 0:00:49]} 9. O-O-O {[%emt 0:00:08]} Be7 {[%emt 0:00:00]} 10. Rhe1 {[%emt 0:00:16]} O-O {[%emt 0:00:34]} 11. Kb1 {[%emt 0:00:08]} Qa5 {[%emt 0:00:14]} 12. Qd2 {[%emt 0:00:23]} Qc7 {[%emt 0:05:47]} 13. Nd4 {[%emt 0:01:32]} Rac8 {[%emt 0:06:12]} 14. f3 {[%emt 0:01:34]} a6 {[%emt 0:02:31]} 15. g4 {[%emt 0:01:18]} b5 {[%emt 0:02:22]} 16. h4 {[%emt 0:00:35]} b4 {[%emt 0:08:58]} 17. Nce2 {[%emt 0:00:44]} a5 {[%emt 0:00:47]} 18. Ng3 {[%emt 0:04:28]} a4 {[%emt 0:09:11]} 19. Nh5 {[%emt 0:10:21]} Nxh5 {[%emt 0:07:43]} 20. gxh5 {[%emt 0:00:59]} Bxg5 {[%emt 0:05:41]} 21. hxg5 {[%emt 0:00:50]} Bd7 {[%emt 0:01:17]} 22. Rc1 {[%emt 0:11:44]} Qb7 {[%emt 0:07:25]} 23. h6 {[%emt 0:02:26]} g6 {[%emt 0:09:07]} 24. Qf4 {[%emt 0:01:52]} f6 {[%emt 0:00:56]} 25. Qxd6 {[%emt 0:03:06]} e5 {[%emt 0:01:00]} 26. Ne2 {[%emt 0:24:03]} Rc6 {[%emt 0:03:54]} 27. Qd2 {[%emt 0:01:39]} Be6 {[%emt 0:06:42]} 28. gxf6 {[%emt 0:02:59]} Bc4 {[%emt 0:10:45]} 29. b3 {[%emt 0:03:13]} Be6 {[%emt 0:00:18]} 30. f4 {[%emt 0:01:20]} Ra6 {[%emt 0:06:07]} 31. f5 {[%emt 0:15:26]} Bf7 {[%emt 0:00:48]} 32. Rcd1 {[%emt 0:06:18]} axb3 {[%emt 0:00:15]} 33. cxb3 {[%emt 0:00:21]} Qxe4+ {[%emt 0:00:47]} 34. Qd3 {[%emt 0:00:14]} Qxd3+ {[%emt 0:00:39]} 35. Rxd3 {[%emt 0:00:01]} Rxf6 {[%emt 0:00:30]} 36. Ng3 {[%emt 0:01:19]} gxf5 {[%emt 0:00:34]} 37. Rxe5 {[%emt 0:00:46]} Bg6 {[%emt 0:00:30]} 38. Rf3 {[%emt 0:00:45]} f4+ {[%emt 0:02:25]} 39. Ne4 {[%emt 0:00:01]} Rf5 {[%emt 0:03:14]} 40. Re6 {[%emt 0:02:19]} Kf7 {[%emt 0:01:10]} 41. Rb6 {[%emt 0:00:50]} Re5 {[%emt 0:00:30]} 42. Rxf4+ {[%emt 0:01:14]} Kg8 {[%emt 0:00:14]} 43. Rxg6+ {[%emt 0:00:00]} hxg6 {[%emt 0:00:02]} 44. h7+ {[%emt 0:00:56]} Kxh7 {[%emt 0:00:14]} 45. Rxf8 {[%emt 0:00:33]} Rxe4 {[%emt 0:00:04]} 46. Kc2 {[%emt 0:00:30]} Rd4 {[%emt 0:01:41]} 47. a4 {[%emt 0:01:23]} bxa3 {[%emt 0:00:00]} 48. Ra8 {[%emt 0:00:00]} g5 {[%emt 0:00:33]} 49. Kc3 {[%emt 0:00:16]} 1/2-1/2